000 00838nam a22002531u 4500
001 04675
003 HDC
007 cr bn ---
008 210117p my go d 00 engg
040 _aHDC
245 0 _aCreating Awareness by DeMystifying "Islamic Tourism"
260 _a[No Place] :
_b[publisher not identified],
_c[no year]
300 _a17 pages :
_billustrations
336 _atext
_2rdacontent
337 _acomputer
_2rdamedia
338 _aonline resource
_2rdacarrier
650 _aMuslim travellers
_92153
650 _aTourism industry
_92298
650 _aTourism
_9880
856 _zRequest full-text at [email protected]
942 _2lcc
942 _cSLIDE
942 _kSLID 000311
999 _c2000
_d2000